Library Banner

Indian communities in Southeast Asia (Record no. 11785)

MARC details
000 -LEADER
fixed length control field 00433nam a2200169Ia 4500
001 - CONTROL NUMBER
control field 10834
008 - FIXED-LENGTH DATA ELEMENTS--GENERAL INFORMATION
fixed length control field 140331s9999 xx 000 0 und d
020 ## - INTERNATIONAL STANDARD BOOK NUMBER
International Standard Book Number 981-210-012-1
040 ## - CATALOGING SOURCE
Transcribing agency PK-LaUMT
082 ## - DEWEY DECIMAL CLASSIFICATION NUMBER
Classification number 307.0959
Item number IND-
100 ## - MAIN ENTRY--PERSONAL NAME
Personal name Mani, A., J. Ed.
245 ## - TITLE STATEMENT
Title Indian communities in Southeast Asia
Statement of responsibility, etc Mani, A., J. Ed.<>Sandhu, K. S., Ed.
300 ## - PHYSICAL DESCRIPTION
Extent 983 p.
546 ## - LANGUAGE NOTE
Language note EN
700 ## - ADDED ENTRY--PERSONAL NAME
Personal name Sandhu, K. S., Ed.
942 ## - ADDED ENTRY ELEMENTS (KOHA)
Koha item type Books
Holdings
Withdrawn status Lost status Damaged status Not for loan Home library Current library Date acquired Total Checkouts Full call number Barcode Date last seen Price effective from Koha item type
        UMT Main Campus UMT Main Campus 2014-03-31   307.0959 IND- 12371 2014-04-21 2014-04-21 Books